000 00926nam a2200217Ii 4500
003 JO-AjNU
008 230605s9999||||xx |||||||||||||| ||und||
017 _a2010/3/734
040 _aJO-AjNU
_bara
_erda
_cJO-AjNU
041 _aara
050 1 4 _aLB1027.L373 2010
100 3 _aاللصاصة،محمد حرب مؤلف/محمد،أحمد عبد الكريم م.مشارك/العمرو،إسماعيل بن إبراهيم الذويبي م.مشارك,
_eauthor
_930370
245 0 0 _aطرائق التدريس العامة:سلسة تطوير أداء المعلمين
264 3 1 _aعمان:دار الياقوت،2010/عمان:دار الكتاب الثقافي،2010
300 _a204ص
336 _atext
_btxt
_2rdacontent
337 _aunmediated
_bn
_2rdamedia
338 _avolume
_bnc
_2rdacarrier
490 0 _aسلسلة تطوير أداء المعلمين
650 4 _aالتدريس-طرق تفكير
_930371
999 _aA12030
_c15598
_d15598